Gente y cuentos : educación popular y literatura /
Guardado en:
| Autor principal: | |
|---|---|
| Otros Autores: | , |
| Formato: | Libro |
| Lenguaje: | Spanish |
| Publicado: |
Buenos Aires, AG
Centro de Estudios de Estado y Sociedad, CEDES
1984
|
| Colección: | Estudios CEDES
|
| Materias: | |
| Etiquetas: |
Agregar Etiqueta
Sin Etiquetas, Sea el primero en etiquetar este registro!
|
MARC
| LEADER | 00000nam a22000007a 4500 | ||
|---|---|---|---|
| 003 | cru CIDCACS/IIS | ||
| 005 | 20200925161237.0 | ||
| 008 | 170303b1984 ag ||||| |||| 00| ||spa d | ||
| 040 | |c CRAI/IIS |a CRAI/IIS | ||
| 090 | |a 06.03.04 F297g | ||
| 100 | 1 | |9 3233 |a Feijoó, María del Carmen | |
| 245 | 1 | 0 | |a Gente y cuentos : |b educación popular y literatura / |c María del Carmen Feijoó; Sarah Hirschman; con un apéndice por Lucas Rubinich |
| 260 | |a Buenos Aires, AG |b Centro de Estudios de Estado y Sociedad, CEDES |c 1984 | ||
| 300 | |a 72 páginas | ||
| 440 | |9 3234 |a Estudios CEDES | ||
| 500 | |a Colección Alforja | ||
| 650 | 1 | 0 | |9 291 |a EDUCACION POPULAR |
| 650 | 1 | 0 | |9 3236 |a FREIRE, PAULO |
| 650 | 1 | 0 | |9 3235 |a LITERATURA |
| 651 | 1 | 0 | |9 17 |a AMERICA LATINA |
| 700 | 1 | |9 3237 |a Hirschman, Sarah | |
| 700 | 1 | |9 233 |a Rubinich, Lucas | |
| 942 | |2 ddc |c LI | ||
| 999 | |c 18968 |d 18968 | ||
